Pamätnica Ústrednej ekonomickej knižnice v Bratislave 1970-1978

Salvato in:
Dettagli Bibliografici
Altri autori: Procházka, Boris
Natura: Libro
Lingua:slovacco
Pubblicazione: Bratislava Ústredná ekonomická knižnica pri VŠE 1978
Soggetti:
Tags: Aggiungi Tag
Nessun Tag, puoi essere il primo ad aggiungerne!!

MARC

LEADER 00000nam$a2200000$$$4500
001 0085367
005 20260129104424.7
041 0 |a slo 
044 |a SK 
245 1 0 |a Pamätnica Ústrednej ekonomickej knižnice v Bratislave 1970-1978  |c kolektív pracovníkov ÚEK Bratislava ; zodpovedný redaktor Boris Procházka 
264 1 |a Bratislava  |b Ústredná ekonomická knižnica pri VŠE  |c 1978 
300 |a 353 s. 
610 2 0 |a knižnice 
610 2 0 |a školy vysoké 
610 2 0 |a história 
610 2 0 |a Slovensko 
700 1 |a Procházka, Boris